000 00461nam a2200193Ia 4500
005 20250423094701.0
008 250422s9999 xx 000 0 und d
020 _a978-0-495-83028-3
050 _aQA 303.2 .L37/
100 _aLarson Ron
245 0 _aCalculus: an applied approach
250 _a8th ed.
260 _aCalifornia
260 _bBrook/Cole Pulishing Company
260 _c2009
300 _a727 p
650 _aMathematics
942 _cBK
999 _c27977
_d27977